| 000 | 00615nam a22002057a 4500 | ||
|---|---|---|---|
| 005 | 20260422090042.0 | ||
| 008 | 260422b |||||||| |||| 00| 0 eng d | ||
| 020 |
_a978-81-19679-60-7 _c220.00 |
||
| 040 | _aMAIN | ||
| 041 | _aasm | ||
| 082 |
_a300.122 _bBOR |
||
| 100 |
_aBorah, B. K. _qDr. Birinchi Kumar |
||
| 245 |
_aঅৰ্থনীতি আৰু সমাজ _bArthaniti aru Samaj / Economy and Society |
||
| 250 | _a2nd Revised Ed. | ||
| 260 |
_aJorhat _bBidya Bhawan _c2026 |
||
| 300 |
_a216 p. ; _c14 x 20 cm. |
||
| 505 | _a4th semester NEP Minor | ||
| 650 | _aSociology | ||
| 942 |
_2ddc _cBK |
||
| 999 |
_c16405 _d16405 |
||